La edad del pavo
Guardado en:
| Autor principal: | |
|---|---|
| Formato: | Libro |
| Lenguaje: | español |
| Publicado: |
Santiago
Universitaria
1996
|
| Edición: | 9a. ed |
| Colección: | Colección Norte
|
| Materias: | |
| Etiquetas: |
Agregar Etiqueta
Sin Etiquetas, Sea el primero en etiquetar este registro!
|
MARC
| LEADER | 00000cam a2200000 a 4500 | ||
|---|---|---|---|
| 001 | UCC3832 | ||
| 003 | CL-VaPUC | ||
| 008 | 180622e19960000cl |||||||||||||||||spa|d | ||
| 020 | |a 9561110245 | ||
| 082 | 0 | 4 | |a Ch863 |b RUI |2 21 |
| 100 | 0 | |a Ruiz-Tagle, Carlos |e author |9 597948 | |
| 245 | 1 | 3 | |a La edad del pavo |
| 250 | |a 9a. ed | ||
| 300 | |a 92 p | ||
| 942 | |c BK | ||
| 945 | |d 20180622 13:48:00 |a dcastane | ||
| 260 | |a Santiago |b Universitaria |c 1996 | ||
| 650 | 0 | |a Literatura chilena |9 308278 | |
| 650 | 0 | |a Cuentos chilenos |9 308280 | |
| 583 | |a last modification |c 20180622 13:48:00 |k Rodrigo Vera | ||
| 490 | 0 | |a Colección Norte | |
| 999 | |c 371500 |d 371498 | ||